00000000cam 2200000zi 4500
0019.954819
003CaOODSP
00520260513140403
006m     o  d f      
007cr |n|||||||||
008250904t20262026onco    o    f000 0 eng d
020 |a9780660787848
040 |aCaOODSP|beng|erda|cCaOODSP
043 |an-cn---
0861 |aCi4-285/2025E-PDF
24500|aRed tape review progress report.
264 1|a[Ottawa] : |bImmigration, Refugees and Citizenship Canada = Immigration, Réfugiés et Citoyenneté Canada, |c[2026]
264 4|c©2026
300 |a1 online resource (10 pages) : |bphotographs
336 |atext|btxt|2rdacontent
337 |acomputer|bc|2rdamedia
338 |aonline resource|bcr|2rdacarrier
500 |aIssued also in French under title: Rapport d’étape de l’examen du fardeau administratif
500 |a« IRCC 4293-04-2026. »
61010|aCanada. |bImmigration, Refugees and Citizenship Canada|xEvaluation.
61010|aCanada. |bImmigration, Refugees and Citizenship Canada|xPlanning.
7101 |aCanada. |bImmigration, Refugees and Citizenship Canada, |eissuing body.
77508|tImmigration, Réfugiés et Citoyenneté Canada, rapport d’étape de l’examen du fardeau administratif.|w(CaOODSP)9.954818
85640|qPDF|s788 KB|uhttps://publications.gc.ca/collections/collection_2026/ircc/Ci4-285-2025-eng.pdf
8564 |qHTML|sN/A|uhttps://www.canada.ca/en/immigration-refugees-citizenship/corporate/mandate/acts-regulations/red-tape-report-2025.html
986 |a4293-04-2026